| 000 | 00674cab a2200229 4500 | ||
|---|---|---|---|
| 001 | ABS55190 | ||
| 008 | 090401t1996 xxu||||| |||| 00| 0 eng d | ||
| 035 | _a(Sirsi) u14732 | ||
| 041 | _aeng | ||
| 100 | _aMason, D. | ||
| 245 | _aRaising the roof on repairs | ||
| 260 | _c1996 | ||
| 350 | _a0 | ||
| 490 |
_aHA Weekly _v(460) 17 May 1996, 19(1) |
||
| 520 | _aConsiders the issues facing housing associations on maintenance of property. Argues for a long term approach in funding arrangements. | ||
| 650 | _aFUNDING | ||
| 650 | _aHOUSING ASSOCIATIONS | ||
| 650 | _aREPAIRS AND MAINTENANCE | ||
| 690 |
_aBlock management _96220 |
||
| 942 | _n0 | ||
| 948 | _c04/03/1997 | ||
| 999 |
_c9612 _d9612 |
||